Objects of desire : (Record no. 353851)
[ view plain ]
| 000 -LEADER | |
|---|---|
| fixed length control field | 01416nam a2200229 a 4500 |
| 001 - CONTROL NUMBER | |
| control field | ASIN0500274126 |
| 003 - CONTROL NUMBER IDENTIFIER | |
| control field | OSt |
| 005 - DATE AND TIME OF LATEST TRANSACTION | |
| control field | 20180116192419.0 |
| 008 - FIXED-LENGTH DATA ELEMENTS--GENERAL INFORMATION | |
| fixed length control field | 131127s1992 xxu eng d |
| 020 ## - INTERNATIONAL STANDARD BOOK NUMBER | |
| International Standard Book Number | 0500274126 (paperback) |
| Terms of availability | $24.95 |
| 020 ## - INTERNATIONAL STANDARD BOOK NUMBER | |
| International Standard Book Number | 9780500274125 (paperback) |
| 040 ## - CATALOGING SOURCE | |
| Transcribing agency | d |
| 082 ## - DEWEY DECIMAL CLASSIFICATION NUMBER | |
| Classification number | 745.2 |
| Author Mark | FOR 2005 |
| 100 1# - MAIN ENTRY--PERSONAL NAME | |
| Personal name | Forty, Adrian. |
| 9 (RLIN) | 7155 |
| 245 10 - TITLE STATEMENT | |
| Title | Objects of desire : |
| Remainder of title | design and society since 1750 / |
| Statement of responsibility, etc. | Adrian Forty. |
| 250 ## - EDITION STATEMENT | |
| Edition statement | Reprint ed. |
| 260 ## - PUBLICATION, DISTRIBUTION, ETC. | |
| Place of publication, distribution, etc. | [S.l.] : |
| Name of publisher, distributor, etc. | Thames & Hudson, |
| Date of publication, distribution, etc. | 1992. |
| 300 ## - PHYSICAL DESCRIPTION | |
| Extent | 246 p. ; |
| Dimensions | 25 cm. |
| 520 ## - SUMMARY, ETC. | |
| Summary, etc. | "One of the most significant contributions to design history in recent years."— Financial Times Objects of Desire looks at the appearance of consumer goods in the 200 years since the introduction of mechanized production, whether in Josiah Wedgewood's use of neo-classicism for his industrially manufactured pottery or the development of appropriate forms for wirelesses. The argument is illustrated with examples ranging from penknives to computers and from sewing machines to railway carriages. In opening up new ways of appraising the man-made world around us, Objects of Desire is required reading for anyone who has any involvement with design and a revealing document about our society. 272 black-and-white illustrations. |
| 856 40 - ELECTRONIC LOCATION AND ACCESS | |
| Materials specified | Amazon.com |
| Uniform Resource Identifier | <a href="http://www.amazon.com/exec/obidos/ASIN/0500274126/chopaconline-20">http://www.amazon.com/exec/obidos/ASIN/0500274126/chopaconline-20</a> |
| 942 ## - ADDED ENTRY ELEMENTS (KOHA) | |
| Source of classification or shelving scheme | |
| Koha item type | Book |
| Withdrawn status | Lost status | Source of classification or shelving scheme | Damaged status | Not for loan | Permanent Location | Current Location | Date acquired | Total Checkouts | Total Renewals | Full call number | Barcode | Date last seen | Date last checked out | Cost, replacement price | Price effective from | Koha item type |
|---|---|---|---|---|---|---|---|---|---|---|---|---|---|---|---|---|
| School of Art Design and Architecture (SADA) | School of Art Design and Architecture (SADA) | 11/27/2013 | 5 | 3 | 745.2 FOR 2005 | SADA0002171 | 05/10/2016 | 04/26/2016 | 2689.46 | 11/27/2013 | Book |
